[Event "XXIII Festival Conca della Presolana A"]
[Site "Bratto - Castione della Presolana ITA"]
[Date "2003.08.29"]
[Round "9"]
[White "Manzoni, Alessandro"]
[Black "Lapiccirella, Mattia"]
[Result "0-1"]
[WhiteElo "2034"]
[BlackElo "2187"]
[PlyCount "64"]
[EventDate "2003.08.21"]

1.e4 e6 2.Nc3 d5 3.d3 Nf6 4.Bg5 Be7 5.e5 Nfd7 6.Bxe7 Qxe7 7.d4 a6 8.Qg4 f5
9.exf6 Nxf6 10.Qh4 c5 11.Nf3 Nc6 12.Bd3 cxd4 13.Nxd4 Nxd4 14.Qxd4 e5 15.
Qb6 O-O 16.O-O-O Be6 17.Rhe1 Nd7 18.Qxb7 Rab8 19.Nxd5 Qg5+ 20.f4 Rxf4 21.
Qa7 Bxd5 22.Kb1 Rfb4 23.b3 Nf6 24.h4 Qg4 25.Be2 Qg3 26.Rf1 Bxb3 27.Kc1 Bf7
28.Rf3 Rb1+ 29.Kd2 Rd8+ 30.Bd3 Qxg2+ 31.Rf2 Ne4+ 32.Ke1 Rxd1+ 0-1

[Event "XXIII Festival Conca della Presolana A"]
[Site "Bratto - Castione della Presolana ITA"]
[Date "2003.08.29"]
[Round "9"]
[White "Marzano, Carlo"]
[Black "Volpinari, Danilo"]
[Result "1-0"]
[WhiteElo "2225"]
[BlackElo "2050"]
[PlyCount "99"]
[EventDate "2003.08.21"]

1.d4 d5 2.Nf3 c6 3.Bf4 Bf5 4.Nbd2 Nf6 5.c4 Nbd7 6.h3 h6 7.Qb3 Qb6 8.c5 
Qxb3 9.axb3 g5 10.Bh2 Bg7 11.b4 O-O 12.Nb3 a6 13.e3 Rfe8 14.Na5 Ra7 15.Be2
Be4 16.Bc7 Bxf3 17.Bxf3 Rc8 18.Bh2 Ne8 19.O-O e5 20.Bg4 Nef6 21.Bf5 Re8 
22.Rfe1 e4 23.Bc7 Bf8 24.Ra4 Be7 25.Rea1 Bd8 26.Bd6 Be7 27.Bc7 Bd8 28.Bd6 
Be7 29.Bxe7 Rxe7 30.Nb3 Re8 31.Ra5 Rea8 32.f3 exf3 33.gxf3 Nf8 34.Bd3 Ne6 
35.b5 cxb5 36.Bxb5 Nc7 37.Bd3 Re8 38.Kf2 Ne6 39.Nd2 Re7 40.b4 Ra8 41.b5 
Nc7 42.bxa6 bxa6 43.Bxa6 Rae8 44.R1a3 Nxa6 45.Rxa6 Kg7 46.Nf1 Rb8 47.Ra2 
Rb3 48.Re2 Nh5 49.Rd6 Rb1 50.Rxd5 1-0

[Event "XXIII Festival Conca della Presolana A"]
[Site "Bratto - Castione della Presolana ITA"]
[Date "2003.08.29"]
[Round "9"]
[White "Muscolino, Attilio"]
[Black "Mazzariol, Oscar"]
[Result "1/2-1/2"]
[WhiteElo "2155"]
[BlackElo "2049"]
[PlyCount "42"]
[EventDate "2003.08.21"]

1.e4 c5 2.Nf3 e6 3.c3 d5 4.exd5 exd5 5.Bb5+ Bd7 6.Qe2+ Be7 7.O-O a6 8.
Bxd7+ Qxd7 9.Ne5 Qe6 10.Re1 Nf6 11.d3 O-O 12.Nd2 Bd6 13.Nef3 Qd7 14.Nf1 
Nc6 15.Bg5 Rae8 16.Qd2 Nh5 17.Rxe8 Rxe8 18.Re1 Rxe1 19.Qxe1 h6 20.Bc1 Nf4 
21.Bxf4 Bxf4 1/2-1/2

[Event "XXIII Festival Conca della Presolana A"]
[Site "Bratto - Castione della Presolana ITA"]
[Date "2003.08.29"]
[Round "9"]
[White "Paoli, Enrico"]
[Black "Contini, Gabriele"]
[Result "0-1"]
[WhiteElo "1950"]
[BlackElo "1969"]
[PlyCount "40"]
[EventDate "2003.08.21"]

1.e4 d5 2.exd5 Nf6 3.c4 c6 4.Nc3 cxd5 5.d4 Nc6 6.Nf3 Bg4 7.cxd5 Nxd5 8.Be2
e6 9.O-O Be7 10.h3 Bh5 11.Ne5 Bxe2 12.Nxc6 Bxd1 13.Nxd8 Nxc3 14.bxc3 Be2 
15.Re1 Ba6 16.Nxe6 fxe6 17.Rxe6 Kd7 18.Re3 Rhe8 19.f4 Bd6 20.g3 Rac8 0-1

[Event "XXIII Festival Conca della Presolana A"]
[Site "Bratto - Castione della Presolana ITA"]
[Date "2003.08.29"]
[Round "9"]
[White "Podini, Francesco"]
[Black "Osuna Munoz, Xavier"]
[Result "1/2-1/2"]
[WhiteElo "2041"]
[BlackElo "2097"]
[PlyCount "66"]
[EventDate "2003.08.21"]

1.c4 Nf6 2.Nc3 g6 3.g3 Bg7 4.Bg2 O-O 5.e4 d6 6.Nge2 e5 7.O-O Be6 8.d3 Qd7 
9.Nd5 Nxd5 10.cxd5 Bh3 11.Be3 Bxg2 12.Kxg2 c5 13.dxc6 bxc6 14.Qa4 f5 15.f3
h6 16.Rac1 c5 17.Qc4+ Qf7 18.b4 Qxc4 19.Rxc4 cxb4 20.Rxb4 Rf7 21.Rc1 Na6 
22.Ra4 Nc5 23.Bxc5 dxc5 24.Rxc5 Raf8 25.Ng1 Rd8 26.Rd5 Rxd5 27.exd5 Rd7 
28.Ra5 Bf8 29.Ne2 Kf7 30.d4 e4 31.fxe4 fxe4 32.Kf2 Bb4 33.Rb5 Bd2 1/2-1/2

[Event "XXIII Festival Conca della Presolana A"]
[Site "Bratto - Castione della Presolana ITA"]
[Date "2003.08.29"]
[Round "9"]
[White "Radice, Luca"]
[Black "Cavatorta, Fosco"]
[Result "1-0"]
[WhiteElo "2092"]
[BlackElo "2152"]
[PlyCount "76"]
[EventDate "2003.08.21"]

1.d4 d6 2.c4 e5 3.Nf3 exd4 4.Nxd4 g6 5.Nc3 Bg7 6.e4 Ne7 7.Be2 O-O 8.O-O 
Nbc6 9.Be3 Re8 10.Qd2 Bd7 11.Rac1 Nxd4 12.Bxd4 Bxd4 13.Qxd4 Nc6 14.Qd2 a5 
15.Qh6 Nd4 16.Bd3 Rc8 17.Rcd1 Re5 18.Qe3 c5 19.f4 Re8 20.Rde1 Qh4 21.Ne2 
Nc6 22.Nc3 Nd4 23.Rf2 Bg4 24.h3 Nf5 25.Qd2 Ng3 26.Bf1 h5 27.Qxd6 Rcd8 28.
Qxc5 Rd2 29.Rxd2 Bxh3 30.gxh3 Qxf4 31.Qf2 Qg5 32.Bg2 h4 33.Rd7 f6 34.Nd5 
Nh5 35.Qe3 Qxe3+ 36.Rxe3 f5 37.exf5 Rxe3 38.Nxe3 gxf5 1-0

[Event "XXIII Festival Conca della Presolana A"]
[Site "Bratto - Castione della Presolana ITA"]
[Date "2003.08.29"]
[Round "9"]
[White "Ranieri, Fabrizio"]
[Black "Marta, Daniele"]
[Result "1-0"]
[WhiteElo "2170"]
[BlackElo "2118"]
[PlyCount "93"]
[EventDate "2003.08.21"]

1.e4 e6 2.d4 d5 3.Nc3 Bb4 4.e5 c5 5.a3 Bxc3+ 6.bxc3 Ne7 7.Qg4 Kf8 8.Nf3 
Qa5 9.Bd2 Qa4 10.Be2 b6 11.Ng5 Qxc2 12.Rc1 Qg6 13.Qh3 Ba6 14.c4 Bxc4 15.
Bxc4 dxc4 16.dxc5 Nbc6 17.cxb6 axb6 18.O-O Qd3 19.Be3 Qf5 20.g4 Qxe5 21.
Rxc4 Kg8 22.Rxc6 Nxc6 23.Qf3 Rf8 24.Qxc6 h6 25.Nf3 Qa5 26.Ra1 b5 27.Bd2 
Qa4 28.Bb4 Rd8 29.Kg2 Kh7 30.Qe4+ Kg8 31.Rc1 Qa7 32.Rc5 Qd7 33.h3 f6 34.
Qc2 Qe8 35.Qe2 h5 36.g5 e5 37.Qe4 h4 38.Rc7 Rd7 39.Rxd7 Qxd7 40.g6 Qd8 41.
Qc2 Rh6 42.Bd2 Rh5 43.Qb3+ Kh8 44.Qxb5 Qa8 45.Kg1 Qc8 46.Qb4 Qe8 47.Qg4 
1-0

[Event "XXIII Festival Conca della Presolana A"]
[Site "Bratto - Castione della Presolana ITA"]
[Date "2003.08.29"]
[Round "9"]
[White "Ricci, Alfredo"]
[Black "Lapiccirella, Daniele"]
[Result "1-0"]
[WhiteElo "2037"]
[BlackElo "2087"]
[PlyCount "59"]
[EventDate "2003.08.21"]

1.e4 c5 2.Nf3 e6 3.d4 cxd4 4.Nxd4 Nc6 5.c4 Nf6 6.Nc3 Bb4 7.Nxc6 bxc6 8.Bd3
e5 9.O-O Be7 10.Qe2 O-O 11.Be3 d6 12.h3 Be6 13.Rad1 Qc7 14.b3 Rad8 15.f4 
exf4 16.Bxf4 Nd7 17.Qf2 Bf6 18.Ne2 Be5 19.Be3 a5 20.Nf4 Rb8 21.Nxe6 fxe6 
22.Qh4 Rbe8 23.Rxf8+ Rxf8 24.Qe7 Rf7 25.Qxe6 Nf8 26.Qg4 a4 27.c5 axb3 28.
cxd6 Bxd6 29.Bc4 b2 30.Bd4 1-0

[Event "XXIII Festival Conca della Presolana A"]
[Site "Bratto - Castione della Presolana ITA"]
[Date "2003.08.29"]
[Round "9"]
[White "Rombaldoni, Andrea"]
[Black "Shytaj, Carlo"]
[Result "0-1"]
[WhiteElo "2259"]
[BlackElo "2150"]
[PlyCount "84"]
[EventDate "2003.08.21"]

1.e4 d6 2.d4 Nf6 3.Nc3 g6 4.Nge2 Nbd7 5.g3 Bg7 6.Bg2 e5 7.h3 O-O 8.Be3 b6 
9.a4 c5 10.dxe5 dxe5 11.O-O Bb7 12.Qd3 Qe7 13.Rfd1 a6 14.Qc4 Rac8 15.Rd2 
Nb8 16.g4 h6 17.g5 hxg5 18.Bxg5 Qe8 19.Rd6 Rc6 20.Rad1 Qc8 21.f4 Rxd6 22.
Rxd6 Nbd7 23.fxe5 Nxe5 24.Qb3 Nfd7 25.Nd5 Bxd5 26.Rxd5 Qc6 27.Nc3 Qe6 28.
Rd1 Qxb3 29.cxb3 Rc8 30.Nd5 Kh7 31.Be3 b5 32.a5 c4 33.h4 cxb3 34.Nb6 Nxb6 
35.axb6 Nc4 36.Bf2 Bxb2 37.Rd3 a5 38.Bg3 Be5 39.Bxe5 Nxe5 40.Rxb3 b4 41.
Rb1 Rb8 42.Ra1 Rxb6 0-1

[Event "XXIII Festival Conca della Presolana A"]
[Site "Bratto - Castione della Presolana ITA"]
[Date "2003.08.29"]
[Round "9"]
[White "Rosin, Federico"]
[Black "Bresciani, Nicola"]
[Result "1/2-1/2"]
[WhiteElo "2117"]
[BlackElo "2285"]
[PlyCount "98"]
[EventDate "2003.08.21"]

1.e4 c5 2.Nf3 d6 3.d4 cxd4 4.Nxd4 Nf6 5.Nc3 a6 6.g3 e5 7.Nde2 b5 8.Bg2 Bb7
9.O-O Nbd7 10.Nd5 Nxd5 11.exd5 g6 12.f4 Bg7 13.f5 O-O 14.Be3 Rc8 15.Nc3 b4
16.Ne4 Nf6 17.Nxf6+ Bxf6 18.Be4 Bg5 19.Qe1 a5 20.h4 Bf6 21.Bh6 Qb6+ 22.Kh2
Bg7 23.Bxg7 Kxg7 24.f6+ Kh8 25.Rd1 Rc4 26.b3 Rd4 27.Qe3 Qc5 28.Qh6 Rg8 29.
Bg2 Bxd5 30.Rd2 Rxd2 31.Qxd2 Bxg2 32.Kxg2 Rc8 33.Rf2 d5 34.h5 Rg8 35.Qe2 
e4 36.hxg6 Rxg6 37.Rf5 Qc3 38.Qf2 e3 39.Qe2 d4 40.Rf4 Qc6+ 41.Qf3 Qxc2+ 
42.Kh3 Rh6+ 43.Rh4 Qc8+ 44.Kh2 Rxh4+ 45.gxh4 Qd8 46.Qf5 Qd6+ 47.Kg2 Qe6 
48.Qg5 Qc6+ 49.Kh2 Qc7+ 1/2-1/2

[Event "XXIII Festival Conca della Presolana A"]
[Site "Bratto - Castione della Presolana ITA"]
[Date "2003.08.29"]
[Round "9"]
[White "Salami, Marco"]
[Black "Bonazzi, Edoardo"]
[Result "1/2-1/2"]
[WhiteElo "2177"]
[BlackElo "2130"]
[PlyCount "34"]
[EventDate "2003.08.21"]

1.e4 c6 2.d4 d5 3.e5 c5 4.dxc5 Nc6 5.Nf3 Bg4 6.Bb5 Qa5+ 7.Nc3 e6 8.Bd2 Qc7
9.O-O Bxc5 10.Bf4 Ne7 11.Na4 Bxf3 12.Qxf3 Bd4 13.Rfe1 Ng6 14.Rad1 Bxe5 15.
Bxe5 Nxe5 16.Bxc6+ Qxc6 17.Rxe5 Qxa4 1/2-1/2

[Event "XXIII Festival Conca della Presolana A"]
[Site "Bratto - Castione della Presolana ITA"]
[Date "2003.08.29"]
[Round "9"]
[White "Sbarra, Marco"]
[Black "Pagnoncelli, Marco"]
[Result "1/2-1/2"]
[WhiteElo "2207"]
[BlackElo "2116"]
[PlyCount "79"]
[EventDate "2003.08.21"]

1.e4 c5 2.Nf3 d6 3.Bb5+ Bd7 4.Bxd7+ Qxd7 5.c4 Nc6 6.d4 cxd4 7.Nxd4 Nf6 8.
Nc3 g6 9.O-O Bg7 10.Nde2 O-O 11.f3 Rfc8 12.Be3 Qd8 13.b3 a6 14.a4 Qa5 15.
Qd2 Nd7 16.Rab1 Qe5 17.Kh1 Rab8 18.Rfd1 Nf8 19.Qd5 Nb4 20.Qd2 Nc6 21.f4 
Qe6 22.Qd5 Nb4 23.Qxe6 fxe6 24.a5 Nc2 25.Ba7 Ra8 26.Bf2 Rc7 27.Bb6 Rc6 28.
Rd2 Nb4 29.Rbd1 Kf7 30.g4 Re8 31.Bd4 Bxd4 32.Nxd4 Rc5 33.Nf3 Rxa5 34.e5 d5
35.cxd5 exd5 36.Nxd5 Nxd5 37.Rxd5 Rxd5 38.Rxd5 Rc8 39.Ng5+ Kg7 40.Rd3 
1/2-1/2

[Event "XXIII Festival Conca della Presolana A"]
[Site "Bratto - Castione della Presolana ITA"]
[Date "2003.08.29"]
[Round "9"]
[White "Scotti, Umberto"]
[Black "Barletta, Antonio"]
[Result "1-0"]
[WhiteElo "2135"]
[BlackElo "2053"]
[PlyCount "75"]
[EventDate "2003.08.21"]

1.d4 Nf6 2.Nf3 g6 3.Bf4 Bg7 4.e3 d6 5.h3 Nbd7 6.Be2 O-O 7.O-O c6 8.c4 Ne4 
9.Qc2 f5 10.Nc3 Nxc3 11.Qxc3 Qe8 12.b4 e5 13.Bh2 e4 14.Nd2 d5 15.Nb3 dxc4 
16.Bxc4+ Kh8 17.Nc5 Nb6 18.Rac1 Nd5 19.Qb3 b6 20.Na6 Be6 21.Nc7 Nxc7 22.
Bxc7 Bxc4 23.Qxc4 Rf6 24.Be5 Re6 25.Bxg7+ Kxg7 26.Rc3 Rd8 27.Rfc1 Rdd6 28.
Qa6 Re7 29.a4 Qd7 30.Qc4 Ree6 31.b5 cxb5 32.axb5 Rd5 33.Qa4 Qxb5 34.Rc7+ 
Kf6 35.Qxa7 Qe8 36.Rxh7 Kg5 37.Qg7 Red6 38.Rc7 1-0

[Event "XXIII Festival Conca della Presolana A"]
[Site "Bratto - Castione della Presolana ITA"]
[Date "2003.08.29"]
[Round "9"]
[White "Temi, Walter"]
[Black "Guido, Flavio"]
[Result "1/2-1/2"]
[WhiteElo "2064"]
[BlackElo "2332"]
[PlyCount "90"]
[EventDate "2003.08.21"]

1.e4 c5 2.Nf3 e6 3.c3 Nf6 4.d3 d5 5.Nbd2 Nc6 6.g3 g6 7.Bg2 Bg7 8.O-O O-O 
9.Re1 e5 10.exd5 Nxd5 11.Nc4 Re8 12.Qb3 Nc7 13.Ng5 Re7 14.Be3 Na6 15.Ne4 
Na5 16.Nxa5 Qxa5 17.Bg5 Re6 18.Qd5 Qc7 19.Be3 Rc6 20.Qb3 Be6 21.Qc2 h6 22.
f4 exf4 23.Bxf4 Qd8 24.Rad1 Rac8 25.a3 Nc7 26.Nf2 Bd5 27.Ne4 Ne6 28.Be3 
R6c7 29.Qf2 f5 30.Nd2 Rd7 31.Bxd5 Rxd5 32.Nf3 Qd6 33.d4 cxd4 34.Nxd4 Nxd4 
35.Bxd4 Rd8 36.Bc5 Qc6 37.Rxd5 Rxd5 38.Bxa7 h5 39.Be3 h4 40.Bf4 h3 41.Qe2 
Kh7 42.Qf1 Qb6+ 43.Qf2 Qd8 44.Qf1 Qb6+ 45.Qf2 Qd8 1/2-1/2

[Event "XXIII Festival Conca della Presolana A"]
[Site "Bratto - Castione della Presolana ITA"]
[Date "2003.08.29"]
[Round "9"]
[White "Vancini, Edoardo"]
[Black "Barlocco, Carlo"]
[Result "1-0"]
[WhiteElo "2284"]
[BlackElo "2150"]
[PlyCount "59"]
[EventDate "2003.08.21"]

1.e4 c5 2.c3 d6 3.d4 Nc6 4.d5 Ne5 5.f4 Nd7 6.Nf3 e6 7.dxe6 fxe6 8.Ng5 Nb6 
9.Bb5+ Bd7 10.Nxe6 Qe7 11.Nc7+ Kd8 12.Nxa8 Bxb5 13.Nxb6 Qxe4+ 14.Kf2 Bc6 
15.Qf3 Qf5 16.Qe2 axb6 17.Rd1 Nf6 18.c4 g5 19.Nc3 gxf4 20.Qd3 Qg5 21.Nd5 
Bxd5 22.cxd5 Ng4+ 23.Kg1 Bg7 24.Qf3 Rf8 25.Rf1 Bd4+ 26.Kh1 Ne5 27.Bxf4 
Nxf3 28.Bxg5+ Nxg5 29.Rxf8+ Ke7 30.Raf1 1-0

[Event "XXIII Festival Conca della Presolana A"]
[Site "Bratto - Castione della Presolana ITA"]
[Date "2003.08.29"]
[Round "9"]
[White "Vigile, Matteo"]
[Black "Capone, Vincenzo"]
[Result "1-0"]
[WhiteElo "2080"]
[BlackElo "2133"]
[PlyCount "57"]
[EventDate "2003.08.21"]

1.e4 c5 2.c3 Nf6 3.e5 Nd5 4.d4 cxd4 5.cxd4 d6 6.Nf3 Nc6 7.Bc4 Nb6 8.Bb5 
dxe5 9.Nxe5 Bd7 10.Nc3 Nxe5 11.dxe5 a6 12.Bd3 Bc6 13.e6 g6 14.exf7+ Kxf7 
15.O-O Bg7 16.Qb3+ e6 17.Ne4 Bd5 18.Qc2 Rf8 19.Bg5 Qd7 20.Rad1 Kg8 21.h4 
Rac8 22.Qe2 Na4 23.Bc1 Nc5 24.Nxc5 Rxc5 25.h5 gxh5 26.Qxh5 Bf6 27.Be3 Rcc8
28.Be4 Qf7 29.Rxd5 1-0

[Event "XXIII Festival Conca della Presolana A"]
[Site "Bratto - Castione della Presolana ITA"]
[Date "2003.08.29"]
[Round "9"]
[White "Vinzoni, Andrea"]
[Black "Caruso, Augusto"]
[Result "0-1"]
[WhiteElo "2100"]
[BlackElo "2247"]
[PlyCount "66"]
[EventDate "2003.08.21"]

1.d4 f5 2.g3 e6 3.Bg2 Nf6 4.Nf3 d5 5.O-O Bd6 6.c4 c6 7.b3 Qe7 8.Bb2 O-O 9.
Nbd2 Bd7 10.Ne5 Be8 11.Ndf3 Bh5 12.Qc2 Ne4 13.Nd3 f4 14.Nfe5 fxg3 15.fxg3 
Nf6 16.Rae1 Nbd7 17.Nf4 Bg4 18.Nxg4 Nxg4 19.e4 dxc4 20.bxc4 e5 21.Qe2 Nxh2
22.Kxh2 exf4 23.e5 fxg3+ 24.Kxg3 Bb4 25.Rxf8+ Rxf8 26.Rf1 Qg5+ 27.Kh2 Rxf1
28.Qxf1 Qd2 29.Qf5 Nf8 30.e6 Bd6+ 31.Kh3 Qxb2 32.Qf7+ Kh8 33.e7 Qc3+ 0-1

[Event "XXIII Festival Conca della Presolana A"]
[Site "Bratto - Castione della Presolana ITA"]
[Date "2003.08.29"]
[Round "9"]
[White "Zacco, Remo"]
[Black "Mascheroni, Maurizio"]
[Result "1-0"]
[WhiteElo "2077"]
[BlackElo "2068"]
[PlyCount "129"]
[EventDate "2003.08.21"]

1.e4 e5 2.Nf3 Nc6 3.Bc4 Nf6 4.Ng5 d5 5.exd5 Na5 6.d3 h6 7.Nf3 e4 8.dxe4 
Nxc4 9.Qd4 Nb6 10.O-O Be7 11.c4 c5 12.Qd3 O-O 13.Nc3 Re8 14.e5 Nh7 15.Bf4 
f6 16.Rfe1 fxe5 17.Nxe5 Bg5 18.Bg3 Rf8 19.Qe2 Bf5 20.Rad1 Nd7 21.f4 Bh4 
22.d6 Bxg3 23.hxg3 Nhf6 24.Qf2 a6 25.Nxd7 Bxd7 26.Qxc5 Rc8 27.Qd4 Re8 28.
c5 Bg4 29.Rc1 Qd7 30.b4 Rxe1+ 31.Rxe1 Re8 32.Qd2 Qc6 33.a3 b6 34.Rxe8+ 
Nxe8 35.Nd5 Kh8 36.Nxb6 Nf6 37.Qe3 Nd5 38.Nxd5 Qxd5 39.Qe8+ Kh7 40.Qe3 Bd7
41.Qf3 Qd4+ 42.Kh2 Qc4 43.Qb7 Qb5 44.Qe4+ Kg8 45.Qd5+ Kf8 46.Qe5 Qc6 47.f5
Qc8 48.f6 Qe8 49.fxg7+ Kg8 50.Qd4 Qf7 51.Qe4 Qh5+ 52.Qh4 Qxh4+ 53.gxh4 
Kxg7 54.Kg3 Kf6 55.Kf4 Ke6 56.g4 Kd5 57.g5 hxg5+ 58.hxg5 a5 59.g6 axb4 60.
axb4 Ke6 61.Kg5 Be8 62.g7 Kf7 63.Kf5 Bd7+ 64.Ke5 Bc6 65.g8=Q+ 1-0

[Event "XXIII Festival Conca della Presolana A"]
[Site "Bratto - Castione della Presolana ITA"]
[Date "2003.08.29"]
[Round "9"]
[White "Zanellato, Lorenzo"]
[Black "Brancaleoni, Maurizio"]
[Result "0-1"]
[WhiteElo "2055"]
[BlackElo "2298"]
[PlyCount "54"]
[EventDate "2003.08.21"]

1.d4 Nf6 2.c4 e6 3.Nc3 Bb4 4.Qc2 c5 5.dxc5 O-O 6.a3 Bxc5 7.Nf3 b6 8.Bg5 h6
9.Bh4 Bb7 10.Rd1 Be7 11.e4 Nh5 12.Bxe7 Qxe7 13.Qd2 d5 14.cxd5 exd5 15.e5 
d4 16.Qxd4 Bxf3 17.gxf3 Nc6 18.Qe4 Nxe5 19.Be2 Nf6 20.Nd5 Qd6 21.Nxf6+ 
Qxf6 22.O-O Ng6 23.Bd3 Rae8 24.Qf5 Qxb2 25.h4 Qxa3 26.h5 Re5 27.Qh3 Nf4 
0-1